000 00252nam a22000977a 4500
005 20250901165807.0
008 250320b |||||||| |||| 00| 0 eng d
020 _a9789966562012
245 _aVAZI LA MHUDUMU NA HADITHI NYINGINE
_cBABUSA HAMISI
942 _2lcc
999 _c9314
_d9314